<?xml version="1.0" encoding="UTF-8"?>
<collection xmlns="http://www.loc.gov/MARC21/slim">
 <record>
  <leader>13002nas a22011417a 4500</leader>
  <controlfield tag="001">000024952</controlfield>
  <controlfield tag="003">CZ-PrVSE</controlfield>
  <controlfield tag="005">20140602140943.0</controlfield>
  <controlfield tag="008">020826c19789999xr fr-p r     |   a0cze d</controlfield>
  <datafield tag="015" ind1=" " ind2=" ">
   <subfield code="a">cnb001001946</subfield>
  </datafield>
  <datafield tag="022" ind1=" " ind2=" ">
   <subfield code="a">0231-7540</subfield>
   <subfield code="l">0231-7540</subfield>
  </datafield>
  <datafield tag="035" ind1=" " ind2=" ">
   <subfield code="a">(OCoLC)8096979</subfield>
  </datafield>
  <datafield tag="040" ind1=" " ind2=" ">
   <subfield code="a">ABA006</subfield>
   <subfield code="b">cze</subfield>
   <subfield code="c">ABA006</subfield>
   <subfield code="d">ABA006</subfield>
  </datafield>
  <datafield tag="041" ind1="0" ind2=" ">
   <subfield code="a">cze</subfield>
   <subfield code="b">eng</subfield>
   <subfield code="b">ger</subfield>
  </datafield>
  <datafield tag="044" ind1=" " ind2=" ">
   <subfield code="a">xr</subfield>
  </datafield>
  <datafield tag="080" ind1=" " ind2=" ">
   <subfield code="a">911.3:33(437)</subfield>
  </datafield>
  <datafield tag="099" ind1=" " ind2="9">
   <subfield code="a">911.3HOS</subfield>
  </datafield>
  <datafield tag="245" ind1="0" ind2="0">
   <subfield code="a">Hospodářské dějiny =</subfield>
   <subfield code="b">Economic history /</subfield>
   <subfield code="c">Ústav československých a světových dějin Československé akademie věd</subfield>
  </datafield>
  <datafield tag="246" ind1="3" ind2="1">
   <subfield code="a">Economic history</subfield>
  </datafield>
  <datafield tag="260" ind1=" " ind2=" ">
   <subfield code="a">Praha :</subfield>
   <subfield code="b">Ústav československých a světových dějin ČSAV,</subfield>
   <subfield code="c">1978-</subfield>
  </datafield>
  <datafield tag="260" ind1=" " ind2=" ">
   <subfield code="3">2010-</subfield>
   <subfield code="a">Praha :</subfield>
   <subfield code="b">Historický ústav AV ČR ve spolupráci s Centrem pro hospodářské a sociální dějiny FF OU v Ostravě</subfield>
  </datafield>
  <datafield tag="310" ind1=" " ind2=" ">
   <subfield code="a">2x ročně,</subfield>
   <subfield code="b">2010-</subfield>
  </datafield>
  <datafield tag="321" ind1=" " ind2=" ">
   <subfield code="a">Vychází nepravidelně,</subfield>
   <subfield code="b">1978-2009</subfield>
  </datafield>
  <datafield tag="500" ind1=" " ind2=" ">
   <subfield code="a">Některé sv. mají ISBN, od r. 2010 bez ISBN</subfield>
  </datafield>
  <datafield tag="500" ind1=" " ind2=" ">
   <subfield code="a">Některé svazky monotematicky zaměřené</subfield>
  </datafield>
  <datafield tag="505" ind1="1" ind2="0">
   <subfield code="g">sv. 2.</subfield>
   <subfield code="t">Occasion of the VIIth International Economic History Congress in Edinburgh 1978 —</subfield>
   <subfield code="g">sv. 3.</subfield>
   <subfield code="t">Problematika manufakturního období v dějinách Československa = Problems of the manufactory period in the history of Czechoslovakia —</subfield>
   <subfield code="g">sv. 4.</subfield>
   <subfield code="t">Města v Českých zemích v období feudalismu = Towns in the Czech lands in the period of feudalism —</subfield>
   <subfield code="g">sv. 5.</subfield>
   <subfield code="t">Příspěvky k dějinám hutnictví železa v Českých zemích = Contributions to the history of ferrous metallurgy in the Czech lands —</subfield>
   <subfield code="g">sv. 6.</subfield>
   <subfield code="t">Příspěvky k hospodářským dějinám období budování socialismu v Československu = Contributions to the economic history of the epoch of building-up socialism in Czechoslovakia —</subfield>
   <subfield code="g">sv. 7.</subfield>
   <subfield code="t">Problematika přechodu od feudalismu ke kapitalismu ve střední a jihovýchodní Evropě = On the problems of transition from feudalism to capitalism in Central and South-East —</subfield>
   <subfield code="g">sv. 8.</subfield>
   <subfield code="t">Příspěvky k dějinám cen v Českých zemích = Contributions to the history of prices in the Czech lands —</subfield>
   <subfield code="g">sv. 9.</subfield>
   <subfield code="t">Historické předpoklady zemědělskoprůmyslového komplexu v Československu = Historical conditions for the industrially agricultural complex in Czechoslovakia —</subfield>
   <subfield code="g">sv. 10.</subfield>
   <subfield code="t">Occasion of the VIIIth International Economic History Congress in Budapest 1982 —</subfield>
   <subfield code="g">sv. 15.</subfield>
   <subfield code="t">Occasion of the IXth International Economic History Congress in Bern 1986</subfield>
  </datafield>
  <datafield tag="546" ind1=" " ind2=" ">
   <subfield code="a">Obsahuje ruské a anglické resumé</subfield>
  </datafield>
  <datafield tag="650" ind1="0" ind2="7">
   <subfield code="a">hospodářské cykly</subfield>
   <subfield code="7">ph120824</subfield>
   <subfield code="2">czenas</subfield>
  </datafield>
  <datafield tag="650" ind1="0" ind2="7">
   <subfield code="a">hospodářské dějiny</subfield>
   <subfield code="7">ph114703</subfield>
   <subfield code="2">czenas</subfield>
  </datafield>
  <datafield tag="655" ind1=" " ind2="7">
   <subfield code="a">sborníky</subfield>
   <subfield code="7">fd163935</subfield>
   <subfield code="2">czenas</subfield>
  </datafield>
  <datafield tag="650" ind1="0" ind2="9">
   <subfield code="a">business cycles</subfield>
   <subfield code="2">eczenas</subfield>
  </datafield>
  <datafield tag="650" ind1="0" ind2="9">
   <subfield code="a">economic history</subfield>
   <subfield code="2">eczenas</subfield>
  </datafield>
  <datafield tag="710" ind1="2" ind2=" ">
   <subfield code="a">Ústav československých a světových dějin (Československá akademie věd)</subfield>
  </datafield>
  <datafield tag="993" ind1=" " ind2=" ">
   <subfield code="a">000086891</subfield>
  </datafield>
  <datafield tag="902" ind1=" " ind2=" ">
   <subfield code="a">80-85268-20-5</subfield>
   <subfield code="q">(sv. 20, 1992 ;</subfield>
   <subfield code="q">brož.)</subfield>
  </datafield>
  <datafield tag="902" ind1=" " ind2=" ">
   <subfield code="a">80-7286-059-3</subfield>
   <subfield code="q">(sv. 23, 2004 ;</subfield>
   <subfield code="q">brož.)</subfield>
  </datafield>
  <datafield tag="910" ind1=" " ind2=" ">
   <subfield code="a">ABA006</subfield>
   <subfield code="b">F146624/I-</subfield>
   <subfield code="s">1-</subfield>
   <subfield code="t">n</subfield>
  </datafield>
  <datafield tag="996" ind1=" " ind2=" ">
   <subfield code="1">PDPZ2</subfield>
   <subfield code="3">F146624/I</subfield>
   <subfield code="4">PC=2129/80</subfield>
   <subfield code="5">3142156006</subfield>
   <subfield code="7">sv. 1</subfield>
   <subfield code="8">20030807</subfield>
   <subfield code="9">911.3HOS</subfield>
   <subfield code="b">sv. 1</subfield>
   <subfield code="f">81</subfield>
   <subfield code="h">sv. 1</subfield>
   <subfield code="l">UEP01</subfield>
   <subfield code="m">BOOK</subfield>
   <subfield code="q">Knihovna Žižkov depoz. 2</subfield>
   <subfield code="t">na 1 měsíc</subfield>
   <subfield code="u">UEP01</subfield>
   <subfield code="w">20030918</subfield>
  </datafield>
  <datafield tag="996" ind1=" " ind2=" ">
   <subfield code="1">PDPZ2</subfield>
   <subfield code="3">F146624/II</subfield>
   <subfield code="4">PC=2129/80</subfield>
   <subfield code="5">3142156037</subfield>
   <subfield code="7">sv. 2</subfield>
   <subfield code="8">20030807</subfield>
   <subfield code="9">911.3HOS</subfield>
   <subfield code="b">sv. 2</subfield>
   <subfield code="f">81</subfield>
   <subfield code="h">sv. 2</subfield>
   <subfield code="l">UEP01</subfield>
   <subfield code="m">BOOK</subfield>
   <subfield code="q">Knihovna Žižkov depoz. 2</subfield>
   <subfield code="t">na 1 měsíc</subfield>
   <subfield code="u">UEP01</subfield>
   <subfield code="w">20030918</subfield>
  </datafield>
  <datafield tag="996" ind1=" " ind2=" ">
   <subfield code="1">PDPZ2</subfield>
   <subfield code="3">F146624/III</subfield>
   <subfield code="4">PC=3631/81</subfield>
   <subfield code="5">3142156007</subfield>
   <subfield code="7">sv. 3</subfield>
   <subfield code="8">20030807</subfield>
   <subfield code="9">911.3HOS</subfield>
   <subfield code="b">sv. 3</subfield>
   <subfield code="f">81</subfield>
   <subfield code="h">sv. 3</subfield>
   <subfield code="l">UEP01</subfield>
   <subfield code="m">BOOK</subfield>
   <subfield code="q">Knihovna Žižkov depoz. 2</subfield>
   <subfield code="t">na 1 měsíc</subfield>
   <subfield code="u">UEP01</subfield>
   <subfield code="w">20030918</subfield>
  </datafield>
  <datafield tag="996" ind1=" " ind2=" ">
   <subfield code="1">PDPZ2</subfield>
   <subfield code="3">F146624/IX</subfield>
   <subfield code="4">PC=3217/83</subfield>
   <subfield code="5">3142156012</subfield>
   <subfield code="7">sv. 9</subfield>
   <subfield code="8">20030807</subfield>
   <subfield code="9">911.3HOS</subfield>
   <subfield code="b">sv. 9</subfield>
   <subfield code="f">81</subfield>
   <subfield code="h">sv. 9</subfield>
   <subfield code="l">UEP01</subfield>
   <subfield code="m">BOOK</subfield>
   <subfield code="q">Knihovna Žižkov depoz. 2</subfield>
   <subfield code="t">na 1 měsíc</subfield>
   <subfield code="u">UEP01</subfield>
   <subfield code="w">20030918</subfield>
  </datafield>
  <datafield tag="996" ind1=" " ind2=" ">
   <subfield code="1">PDPZ2</subfield>
   <subfield code="3">F146624/V</subfield>
   <subfield code="4">PC=3213/83</subfield>
   <subfield code="5">3142156008</subfield>
   <subfield code="7">sv. 5</subfield>
   <subfield code="8">20030807</subfield>
   <subfield code="9">911.3HOS</subfield>
   <subfield code="b">sv. 5</subfield>
   <subfield code="f">81</subfield>
   <subfield code="h">sv. 5</subfield>
   <subfield code="l">UEP01</subfield>
   <subfield code="m">BOOK</subfield>
   <subfield code="q">Knihovna Žižkov depoz. 2</subfield>
   <subfield code="t">na 1 měsíc</subfield>
   <subfield code="u">UEP01</subfield>
   <subfield code="w">20030918</subfield>
  </datafield>
  <datafield tag="996" ind1=" " ind2=" ">
   <subfield code="1">PDPZ2</subfield>
   <subfield code="3">F146624/VI</subfield>
   <subfield code="4">PC=3214/83</subfield>
   <subfield code="5">3142156009</subfield>
   <subfield code="7">sv. 6</subfield>
   <subfield code="8">20030807</subfield>
   <subfield code="9">911.3HOS</subfield>
   <subfield code="b">sv. 6</subfield>
   <subfield code="f">81</subfield>
   <subfield code="h">sv. 6</subfield>
   <subfield code="l">UEP01</subfield>
   <subfield code="m">BOOK</subfield>
   <subfield code="q">Knihovna Žižkov depoz. 2</subfield>
   <subfield code="t">na 1 měsíc</subfield>
   <subfield code="u">UEP01</subfield>
   <subfield code="w">20030918</subfield>
  </datafield>
  <datafield tag="996" ind1=" " ind2=" ">
   <subfield code="1">PDPZ2</subfield>
   <subfield code="3">F146624/VII</subfield>
   <subfield code="4">PC=3215/83</subfield>
   <subfield code="5">3142156010</subfield>
   <subfield code="7">sv. 7</subfield>
   <subfield code="8">20030807</subfield>
   <subfield code="9">911.3HOS</subfield>
   <subfield code="b">sv. 7</subfield>
   <subfield code="f">81</subfield>
   <subfield code="h">sv. 7</subfield>
   <subfield code="l">UEP01</subfield>
   <subfield code="m">BOOK</subfield>
   <subfield code="q">Knihovna Žižkov depoz. 2</subfield>
   <subfield code="t">na 1 měsíc</subfield>
   <subfield code="u">UEP01</subfield>
   <subfield code="w">20030918</subfield>
  </datafield>
  <datafield tag="996" ind1=" " ind2=" ">
   <subfield code="1">PDPZ2</subfield>
   <subfield code="3">F146624/VIII</subfield>
   <subfield code="4">PC=3216/83</subfield>
   <subfield code="5">3142156011</subfield>
   <subfield code="7">sv. 8</subfield>
   <subfield code="8">20030807</subfield>
   <subfield code="9">911.3HOS</subfield>
   <subfield code="b">sv. 8</subfield>
   <subfield code="f">81</subfield>
   <subfield code="h">sv. 8</subfield>
   <subfield code="l">UEP01</subfield>
   <subfield code="m">BOOK</subfield>
   <subfield code="q">Knihovna Žižkov depoz. 2</subfield>
   <subfield code="t">na 1 měsíc</subfield>
   <subfield code="u">UEP01</subfield>
   <subfield code="w">20030918</subfield>
  </datafield>
  <datafield tag="996" ind1=" " ind2=" ">
   <subfield code="1">PDPZ2</subfield>
   <subfield code="3">F146624/X</subfield>
   <subfield code="4">PC=3218/83</subfield>
   <subfield code="5">3142156038</subfield>
   <subfield code="7">sv. 10</subfield>
   <subfield code="8">20111114</subfield>
   <subfield code="9">911.3HOS</subfield>
   <subfield code="b">sv. 10</subfield>
   <subfield code="f">81</subfield>
   <subfield code="h">sv. 10</subfield>
   <subfield code="l">UEP01</subfield>
   <subfield code="m">BOOK</subfield>
   <subfield code="q">Knihovna Žižkov depoz. 2</subfield>
   <subfield code="t">na 1 měsíc</subfield>
   <subfield code="u">UEP01</subfield>
   <subfield code="w">20111114</subfield>
  </datafield>
  <datafield tag="996" ind1=" " ind2=" ">
   <subfield code="1">PDPZ2</subfield>
   <subfield code="3">F146624/XI</subfield>
   <subfield code="4">PC=6740/84</subfield>
   <subfield code="5">3142156039</subfield>
   <subfield code="7">sv. 11</subfield>
   <subfield code="8">20030807</subfield>
   <subfield code="9">911.3HOS</subfield>
   <subfield code="b">sv. 11</subfield>
   <subfield code="f">81</subfield>
   <subfield code="h">sv. 11</subfield>
   <subfield code="l">UEP01</subfield>
   <subfield code="m">BOOK</subfield>
   <subfield code="q">Knihovna Žižkov depoz. 2</subfield>
   <subfield code="t">na 1 měsíc</subfield>
   <subfield code="u">UEP01</subfield>
   <subfield code="w">20030918</subfield>
  </datafield>
  <datafield tag="996" ind1=" " ind2=" ">
   <subfield code="1">PDPZ2</subfield>
   <subfield code="3">F146624/XIV</subfield>
   <subfield code="4">PC=5259/87</subfield>
   <subfield code="5">3142156040</subfield>
   <subfield code="7">sv. 14</subfield>
   <subfield code="8">20030807</subfield>
   <subfield code="9">911.3HOS</subfield>
   <subfield code="b">sv. 14</subfield>
   <subfield code="f">81</subfield>
   <subfield code="h">sv. 14</subfield>
   <subfield code="l">UEP01</subfield>
   <subfield code="m">BOOK</subfield>
   <subfield code="q">Knihovna Žižkov depoz. 2</subfield>
   <subfield code="t">na 1 měsíc</subfield>
   <subfield code="u">UEP01</subfield>
   <subfield code="w">20030918</subfield>
  </datafield>
  <datafield tag="996" ind1=" " ind2=" ">
   <subfield code="1">PDPZ2</subfield>
   <subfield code="3">F146624/XV</subfield>
   <subfield code="4">PC=5260/87</subfield>
   <subfield code="5">3142156041</subfield>
   <subfield code="7">sv. 15</subfield>
   <subfield code="8">20030807</subfield>
   <subfield code="9">911.3HOS</subfield>
   <subfield code="b">sv. 15</subfield>
   <subfield code="f">81</subfield>
   <subfield code="h">sv. 15</subfield>
   <subfield code="l">UEP01</subfield>
   <subfield code="m">BOOK</subfield>
   <subfield code="q">Knihovna Žižkov depoz. 2</subfield>
   <subfield code="t">na 1 měsíc</subfield>
   <subfield code="u">UEP01</subfield>
   <subfield code="w">20030918</subfield>
  </datafield>
  <datafield tag="996" ind1=" " ind2=" ">
   <subfield code="1">PDPZ2</subfield>
   <subfield code="3">F146684/IV</subfield>
   <subfield code="4">PC=2491/80</subfield>
   <subfield code="5">3142155924</subfield>
   <subfield code="7">sv. 4</subfield>
   <subfield code="8">20030807</subfield>
   <subfield code="9">911.3HOS</subfield>
   <subfield code="b">sv. 4</subfield>
   <subfield code="f">81</subfield>
   <subfield code="h">sv. 4</subfield>
   <subfield code="l">UEP01</subfield>
   <subfield code="m">BOOK</subfield>
   <subfield code="q">Knihovna Žižkov depoz. 2</subfield>
   <subfield code="t">na 1 měsíc</subfield>
   <subfield code="u">UEP01</subfield>
   <subfield code="w">20030918</subfield>
  </datafield>
  <datafield tag="996" ind1=" " ind2=" ">
   <subfield code="1">PKHD</subfield>
   <subfield code="3">F146624/IIIa</subfield>
   <subfield code="4">N:P</subfield>
   <subfield code="5">3142251117</subfield>
   <subfield code="7">sv. 3</subfield>
   <subfield code="8">20110914</subfield>
   <subfield code="9">911.3HOS</subfield>
   <subfield code="b">sv. 3</subfield>
   <subfield code="f">83</subfield>
   <subfield code="h">sv. 3</subfield>
   <subfield code="l">UEP01</subfield>
   <subfield code="m">BOOK</subfield>
   <subfield code="q">KHD</subfield>
   <subfield code="t">na dislokovaném</subfield>
   <subfield code="u">UEP01</subfield>
   <subfield code="w">20110914</subfield>
  </datafield>
  <datafield tag="996" ind1=" " ind2=" ">
   <subfield code="1">PKHD</subfield>
   <subfield code="3">F146624/IIa</subfield>
   <subfield code="4">N:P</subfield>
   <subfield code="5">3142251116</subfield>
   <subfield code="7">sv. 2</subfield>
   <subfield code="8">20110914</subfield>
   <subfield code="9">911.3HOS</subfield>
   <subfield code="b">sv. 2</subfield>
   <subfield code="f">83</subfield>
   <subfield code="h">sv. 2</subfield>
   <subfield code="l">UEP01</subfield>
   <subfield code="m">BOOK</subfield>
   <subfield code="q">KHD</subfield>
   <subfield code="t">na dislokovaném</subfield>
   <subfield code="u">UEP01</subfield>
   <subfield code="w">20110914</subfield>
  </datafield>
  <datafield tag="996" ind1=" " ind2=" ">
   <subfield code="1">PKHD</subfield>
   <subfield code="3">F146624/IV</subfield>
   <subfield code="4">N:P</subfield>
   <subfield code="5">3142251118</subfield>
   <subfield code="7">sv. 4</subfield>
   <subfield code="8">20110914</subfield>
   <subfield code="9">911.3HOS</subfield>
   <subfield code="b">sv. 4</subfield>
   <subfield code="f">83</subfield>
   <subfield code="h">sv. 4</subfield>
   <subfield code="l">UEP01</subfield>
   <subfield code="m">BOOK</subfield>
   <subfield code="q">KHD</subfield>
   <subfield code="t">na dislokovaném</subfield>
   <subfield code="u">UEP01</subfield>
   <subfield code="w">20111222</subfield>
  </datafield>
  <datafield tag="996" ind1=" " ind2=" ">
   <subfield code="1">PKHD</subfield>
   <subfield code="3">F146624/IXa</subfield>
   <subfield code="4">N:P</subfield>
   <subfield code="5">3142251123</subfield>
   <subfield code="7">sv. 9</subfield>
   <subfield code="8">20110914</subfield>
   <subfield code="9">911.3HOS</subfield>
   <subfield code="b">sv. 9</subfield>
   <subfield code="f">83</subfield>
   <subfield code="h">sv. 9</subfield>
   <subfield code="l">UEP01</subfield>
   <subfield code="m">BOOK</subfield>
   <subfield code="q">KHD</subfield>
   <subfield code="t">na dislokovaném</subfield>
   <subfield code="u">UEP01</subfield>
   <subfield code="w">20110914</subfield>
  </datafield>
  <datafield tag="996" ind1=" " ind2=" ">
   <subfield code="1">PKHD</subfield>
   <subfield code="3">F146624/Ia</subfield>
   <subfield code="4">N:P</subfield>
   <subfield code="5">3142251115</subfield>
   <subfield code="7">sv. 1</subfield>
   <subfield code="8">20110914</subfield>
   <subfield code="9">911.3HOS</subfield>
   <subfield code="b">sv. 1</subfield>
   <subfield code="f">83</subfield>
   <subfield code="h">sv. 1</subfield>
   <subfield code="l">UEP01</subfield>
   <subfield code="m">BOOK</subfield>
   <subfield code="q">KHD</subfield>
   <subfield code="t">na dislokovaném</subfield>
   <subfield code="u">UEP01</subfield>
   <subfield code="w">20110914</subfield>
  </datafield>
  <datafield tag="996" ind1=" " ind2=" ">
   <subfield code="1">PKHD</subfield>
   <subfield code="3">F146624/VIIIa</subfield>
   <subfield code="4">N:P</subfield>
   <subfield code="5">3142251122</subfield>
   <subfield code="7">sv. 8</subfield>
   <subfield code="8">20110914</subfield>
   <subfield code="9">911.3HOS</subfield>
   <subfield code="b">sv. 8</subfield>
   <subfield code="f">83</subfield>
   <subfield code="h">sv. 8</subfield>
   <subfield code="l">UEP01</subfield>
   <subfield code="m">BOOK</subfield>
   <subfield code="q">KHD</subfield>
   <subfield code="t">na dislokovaném</subfield>
   <subfield code="u">UEP01</subfield>
   <subfield code="w">20110914</subfield>
  </datafield>
  <datafield tag="996" ind1=" " ind2=" ">
   <subfield code="1">PKHD</subfield>
   <subfield code="3">F146624/VIIa</subfield>
   <subfield code="4">N:P</subfield>
   <subfield code="5">3142251121</subfield>
   <subfield code="7">sv. 7</subfield>
   <subfield code="8">20110914</subfield>
   <subfield code="9">911.3HOS</subfield>
   <subfield code="b">sv. 7</subfield>
   <subfield code="f">83</subfield>
   <subfield code="h">sv. 7</subfield>
   <subfield code="l">UEP01</subfield>
   <subfield code="m">BOOK</subfield>
   <subfield code="q">KHD</subfield>
   <subfield code="t">na dislokovaném</subfield>
   <subfield code="u">UEP01</subfield>
   <subfield code="w">20110914</subfield>
  </datafield>
  <datafield tag="996" ind1=" " ind2=" ">
   <subfield code="1">PKHD</subfield>
   <subfield code="3">F146624/VIa</subfield>
   <subfield code="4">N:P</subfield>
   <subfield code="5">3142251120</subfield>
   <subfield code="7">sv. 6</subfield>
   <subfield code="8">20110914</subfield>
   <subfield code="9">911.3HOS</subfield>
   <subfield code="b">sv. 6</subfield>
   <subfield code="f">83</subfield>
   <subfield code="h">sv. 6</subfield>
   <subfield code="l">UEP01</subfield>
   <subfield code="m">BOOK</subfield>
   <subfield code="q">KHD</subfield>
   <subfield code="t">na dislokovaném</subfield>
   <subfield code="u">UEP01</subfield>
   <subfield code="w">20110914</subfield>
  </datafield>
  <datafield tag="996" ind1=" " ind2=" ">
   <subfield code="1">PKHD</subfield>
   <subfield code="3">F146624/Va</subfield>
   <subfield code="4">N:P</subfield>
   <subfield code="5">3142251119</subfield>
   <subfield code="7">sv. 5</subfield>
   <subfield code="8">20110914</subfield>
   <subfield code="9">911.3HOS</subfield>
   <subfield code="b">sv. 5</subfield>
   <subfield code="f">83</subfield>
   <subfield code="h">sv. 5</subfield>
   <subfield code="l">UEP01</subfield>
   <subfield code="m">BOOK</subfield>
   <subfield code="q">KHD</subfield>
   <subfield code="t">na dislokovaném</subfield>
   <subfield code="u">UEP01</subfield>
   <subfield code="w">20110914</subfield>
  </datafield>
  <datafield tag="996" ind1=" " ind2=" ">
   <subfield code="1">PKHD</subfield>
   <subfield code="3">F146624/XII</subfield>
   <subfield code="4">N:P</subfield>
   <subfield code="5">3142251126</subfield>
   <subfield code="7">sv. 12</subfield>
   <subfield code="8">20110914</subfield>
   <subfield code="9">911.3HOS</subfield>
   <subfield code="b">sv. 12</subfield>
   <subfield code="f">83</subfield>
   <subfield code="h">sv. 12</subfield>
   <subfield code="l">UEP01</subfield>
   <subfield code="m">BOOK</subfield>
   <subfield code="q">KHD</subfield>
   <subfield code="t">na dislokovaném</subfield>
   <subfield code="u">UEP01</subfield>
   <subfield code="w">20110914</subfield>
  </datafield>
  <datafield tag="996" ind1=" " ind2=" ">
   <subfield code="1">PKHD</subfield>
   <subfield code="3">F146624/XIII</subfield>
   <subfield code="4">N:P</subfield>
   <subfield code="5">3142244966</subfield>
   <subfield code="7">sv. 13</subfield>
   <subfield code="8">20110222</subfield>
   <subfield code="9">911.3HOS</subfield>
   <subfield code="b">sv. 13</subfield>
   <subfield code="f">83</subfield>
   <subfield code="g">26850</subfield>
   <subfield code="h">sv. 13</subfield>
   <subfield code="l">UEP01</subfield>
   <subfield code="m">BOOK</subfield>
   <subfield code="q">KHD</subfield>
   <subfield code="t">na dislokovaném</subfield>
   <subfield code="u">UEP01</subfield>
   <subfield code="w">20110309</subfield>
  </datafield>
  <datafield tag="996" ind1=" " ind2=" ">
   <subfield code="1">PKHD</subfield>
   <subfield code="3">F146624/XIVa</subfield>
   <subfield code="4">N:P</subfield>
   <subfield code="5">3142251127</subfield>
   <subfield code="7">sv. 14</subfield>
   <subfield code="8">20110914</subfield>
   <subfield code="9">911.3HOS</subfield>
   <subfield code="b">sv. 14</subfield>
   <subfield code="f">83</subfield>
   <subfield code="h">sv. 14</subfield>
   <subfield code="l">UEP01</subfield>
   <subfield code="m">BOOK</subfield>
   <subfield code="q">KHD</subfield>
   <subfield code="t">na dislokovaném</subfield>
   <subfield code="u">UEP01</subfield>
   <subfield code="w">20110914</subfield>
  </datafield>
  <datafield tag="996" ind1=" " ind2=" ">
   <subfield code="1">PKHD</subfield>
   <subfield code="3">F146624/XIX</subfield>
   <subfield code="4">N:P</subfield>
   <subfield code="5">3142251131</subfield>
   <subfield code="7">sv. 19</subfield>
   <subfield code="8">20110914</subfield>
   <subfield code="9">911.3HOS</subfield>
   <subfield code="b">sv. 19</subfield>
   <subfield code="f">83</subfield>
   <subfield code="h">sv. 19</subfield>
   <subfield code="l">UEP01</subfield>
   <subfield code="m">BOOK</subfield>
   <subfield code="q">KHD</subfield>
   <subfield code="t">na dislokovaném</subfield>
   <subfield code="u">UEP01</subfield>
   <subfield code="w">20110914</subfield>
  </datafield>
  <datafield tag="996" ind1=" " ind2=" ">
   <subfield code="1">PKHD</subfield>
   <subfield code="3">F146624/XIa</subfield>
   <subfield code="4">N:P</subfield>
   <subfield code="5">3142251125</subfield>
   <subfield code="7">sv. 11</subfield>
   <subfield code="8">20110914</subfield>
   <subfield code="9">911.3HOS</subfield>
   <subfield code="b">sv. 11</subfield>
   <subfield code="f">83</subfield>
   <subfield code="h">sv. 11</subfield>
   <subfield code="l">UEP01</subfield>
   <subfield code="m">BOOK</subfield>
   <subfield code="q">KHD</subfield>
   <subfield code="t">na dislokovaném</subfield>
   <subfield code="u">UEP01</subfield>
   <subfield code="w">20110914</subfield>
  </datafield>
  <datafield tag="996" ind1=" " ind2=" ">
   <subfield code="1">PKHD</subfield>
   <subfield code="3">F146624/XVI</subfield>
   <subfield code="4">N:P</subfield>
   <subfield code="5">3142251128</subfield>
   <subfield code="7">sv. 16</subfield>
   <subfield code="8">20110914</subfield>
   <subfield code="9">911.3HOS</subfield>
   <subfield code="b">sv. 16</subfield>
   <subfield code="f">83</subfield>
   <subfield code="h">sv. 16</subfield>
   <subfield code="l">UEP01</subfield>
   <subfield code="m">BOOK</subfield>
   <subfield code="q">KHD</subfield>
   <subfield code="t">na dislokovaném</subfield>
   <subfield code="u">UEP01</subfield>
   <subfield code="w">20110914</subfield>
  </datafield>
  <datafield tag="996" ind1=" " ind2=" ">
   <subfield code="1">PKHD</subfield>
   <subfield code="3">F146624/XVII</subfield>
   <subfield code="4">N:P</subfield>
   <subfield code="5">3142251129</subfield>
   <subfield code="7">sv. 17</subfield>
   <subfield code="8">20110914</subfield>
   <subfield code="9">911.3HOS</subfield>
   <subfield code="b">sv. 17</subfield>
   <subfield code="f">83</subfield>
   <subfield code="h">sv. 17</subfield>
   <subfield code="l">UEP01</subfield>
   <subfield code="m">BOOK</subfield>
   <subfield code="q">KHD</subfield>
   <subfield code="t">na dislokovaném</subfield>
   <subfield code="u">UEP01</subfield>
   <subfield code="w">20110914</subfield>
  </datafield>
  <datafield tag="996" ind1=" " ind2=" ">
   <subfield code="1">PKHD</subfield>
   <subfield code="3">F146624/XVIII</subfield>
   <subfield code="4">N:P</subfield>
   <subfield code="5">3142251130</subfield>
   <subfield code="7">sv. 18</subfield>
   <subfield code="8">20110914</subfield>
   <subfield code="9">911.3HOS</subfield>
   <subfield code="b">sv. 18</subfield>
   <subfield code="f">83</subfield>
   <subfield code="h">sv. 18</subfield>
   <subfield code="l">UEP01</subfield>
   <subfield code="m">BOOK</subfield>
   <subfield code="q">KHD</subfield>
   <subfield code="t">na dislokovaném</subfield>
   <subfield code="u">UEP01</subfield>
   <subfield code="w">20110914</subfield>
  </datafield>
  <datafield tag="996" ind1=" " ind2=" ">
   <subfield code="1">PKHD</subfield>
   <subfield code="3">F146624/XVa</subfield>
   <subfield code="4">N:P</subfield>
   <subfield code="5">3142244967</subfield>
   <subfield code="7">sv. 15</subfield>
   <subfield code="8">20110222</subfield>
   <subfield code="9">911.3HOS</subfield>
   <subfield code="b">sv. 15</subfield>
   <subfield code="f">83</subfield>
   <subfield code="g">26851</subfield>
   <subfield code="h">sv. 15</subfield>
   <subfield code="l">UEP01</subfield>
   <subfield code="m">BOOK</subfield>
   <subfield code="q">KHD</subfield>
   <subfield code="t">na dislokovaném</subfield>
   <subfield code="u">UEP01</subfield>
   <subfield code="w">20110308</subfield>
  </datafield>
  <datafield tag="996" ind1=" " ind2=" ">
   <subfield code="1">PKHD</subfield>
   <subfield code="3">F146624/XX</subfield>
   <subfield code="4">N:P</subfield>
   <subfield code="5">3142244965</subfield>
   <subfield code="7">sv. 20</subfield>
   <subfield code="8">20110222</subfield>
   <subfield code="9">911.3HOS</subfield>
   <subfield code="b">sv. 20</subfield>
   <subfield code="f">83</subfield>
   <subfield code="g">26849</subfield>
   <subfield code="h">sv. 20</subfield>
   <subfield code="l">UEP01</subfield>
   <subfield code="m">BOOK</subfield>
   <subfield code="q">KHD</subfield>
   <subfield code="t">na dislokovaném</subfield>
   <subfield code="u">UEP01</subfield>
   <subfield code="w">20110309</subfield>
  </datafield>
  <datafield tag="996" ind1=" " ind2=" ">
   <subfield code="1">PKHD</subfield>
   <subfield code="3">F146624/XXI</subfield>
   <subfield code="4">N:P</subfield>
   <subfield code="5">3142251132</subfield>
   <subfield code="7">sv. 21</subfield>
   <subfield code="8">20110914</subfield>
   <subfield code="9">911.3HOS</subfield>
   <subfield code="b">sv. 21</subfield>
   <subfield code="f">83</subfield>
   <subfield code="h">sv. 21</subfield>
   <subfield code="l">UEP01</subfield>
   <subfield code="m">BOOK</subfield>
   <subfield code="q">KHD</subfield>
   <subfield code="t">na dislokovaném</subfield>
   <subfield code="u">UEP01</subfield>
   <subfield code="w">20110914</subfield>
  </datafield>
  <datafield tag="996" ind1=" " ind2=" ">
   <subfield code="1">PKHD</subfield>
   <subfield code="3">F146624/XXII</subfield>
   <subfield code="4">N:P</subfield>
   <subfield code="5">3142251133</subfield>
   <subfield code="7">sv. 22</subfield>
   <subfield code="8">20110914</subfield>
   <subfield code="9">911.3HOS</subfield>
   <subfield code="b">sv. 22</subfield>
   <subfield code="f">83</subfield>
   <subfield code="h">sv. 22</subfield>
   <subfield code="l">UEP01</subfield>
   <subfield code="m">BOOK</subfield>
   <subfield code="q">KHD</subfield>
   <subfield code="t">na dislokovaném</subfield>
   <subfield code="u">UEP01</subfield>
   <subfield code="w">20110914</subfield>
  </datafield>
  <datafield tag="996" ind1=" " ind2=" ">
   <subfield code="1">PKHD</subfield>
   <subfield code="3">F146624/XXIII</subfield>
   <subfield code="4">N:P</subfield>
   <subfield code="5">3142244964</subfield>
   <subfield code="7">sv. 23</subfield>
   <subfield code="8">20110222</subfield>
   <subfield code="9">911.3HOS</subfield>
   <subfield code="b">sv. 23</subfield>
   <subfield code="f">83</subfield>
   <subfield code="g">26848</subfield>
   <subfield code="h">sv. 23</subfield>
   <subfield code="l">UEP01</subfield>
   <subfield code="m">BOOK</subfield>
   <subfield code="q">KHD</subfield>
   <subfield code="t">na dislokovaném</subfield>
   <subfield code="u">UEP01</subfield>
   <subfield code="w">20110309</subfield>
  </datafield>
  <datafield tag="996" ind1=" " ind2=" ">
   <subfield code="1">PKHD</subfield>
   <subfield code="3">F146624/XXIIa</subfield>
   <subfield code="4">N:P</subfield>
   <subfield code="5">3142251134</subfield>
   <subfield code="7">sv. 22</subfield>
   <subfield code="8">20110914</subfield>
   <subfield code="9">911.3HOS</subfield>
   <subfield code="b">sv. 22</subfield>
   <subfield code="f">83</subfield>
   <subfield code="h">sv. 22</subfield>
   <subfield code="l">UEP01</subfield>
   <subfield code="m">BOOK</subfield>
   <subfield code="q">KHD</subfield>
   <subfield code="t">na dislokovaném</subfield>
   <subfield code="u">UEP01</subfield>
   <subfield code="w">20110914</subfield>
  </datafield>
  <datafield tag="996" ind1=" " ind2=" ">
   <subfield code="1">PKHD</subfield>
   <subfield code="3">F146624/XXIV</subfield>
   <subfield code="4">N:P</subfield>
   <subfield code="5">3142244963</subfield>
   <subfield code="7">sv. 24</subfield>
   <subfield code="8">20110222</subfield>
   <subfield code="9">911.3HOS</subfield>
   <subfield code="b">sv. 24</subfield>
   <subfield code="f">83</subfield>
   <subfield code="g">26847</subfield>
   <subfield code="h">sv. 24</subfield>
   <subfield code="l">UEP01</subfield>
   <subfield code="m">BOOK</subfield>
   <subfield code="q">KHD</subfield>
   <subfield code="t">na dislokovaném</subfield>
   <subfield code="u">UEP01</subfield>
   <subfield code="w">20110309</subfield>
  </datafield>
  <datafield tag="996" ind1=" " ind2=" ">
   <subfield code="1">PKHD</subfield>
   <subfield code="3">F146624/XXIX/1</subfield>
   <subfield code="4">N:P</subfield>
   <subfield code="5">3142288338</subfield>
   <subfield code="7">sv. 29/1</subfield>
   <subfield code="8">20160419</subfield>
   <subfield code="9">911.3HOS</subfield>
   <subfield code="a">2016</subfield>
   <subfield code="b">sv. 29</subfield>
   <subfield code="c">1</subfield>
   <subfield code="f">83</subfield>
   <subfield code="g">42592</subfield>
   <subfield code="h">sv. 29/1</subfield>
   <subfield code="l">UEP01</subfield>
   <subfield code="m">BOOK</subfield>
   <subfield code="q">KHD</subfield>
   <subfield code="t">na dislokovaném</subfield>
   <subfield code="u">UEP01</subfield>
   <subfield code="w">20160607</subfield>
  </datafield>
  <datafield tag="996" ind1=" " ind2=" ">
   <subfield code="1">PKHD</subfield>
   <subfield code="3">F146624/XXIX/2</subfield>
   <subfield code="4">N:P</subfield>
   <subfield code="5">3142288603</subfield>
   <subfield code="7">sv. 29/2</subfield>
   <subfield code="8">20160419</subfield>
   <subfield code="9">911.3HOS</subfield>
   <subfield code="a">2016</subfield>
   <subfield code="b">sv. 29</subfield>
   <subfield code="c">2</subfield>
   <subfield code="f">83</subfield>
   <subfield code="g">42592</subfield>
   <subfield code="h">sv. 29/2</subfield>
   <subfield code="l">UEP01</subfield>
   <subfield code="m">BOOK</subfield>
   <subfield code="q">KHD</subfield>
   <subfield code="t">na dislokovaném</subfield>
   <subfield code="u">UEP01</subfield>
   <subfield code="w">20161207</subfield>
  </datafield>
  <datafield tag="996" ind1=" " ind2=" ">
   <subfield code="1">PKHD</subfield>
   <subfield code="3">F146624/XXV/1</subfield>
   <subfield code="4">N:P</subfield>
   <subfield code="5">3142244962</subfield>
   <subfield code="7">sv. 25/1</subfield>
   <subfield code="8">20110222</subfield>
   <subfield code="9">911.3HOS</subfield>
   <subfield code="b">sv. 25/1</subfield>
   <subfield code="f">83</subfield>
   <subfield code="g">26846</subfield>
   <subfield code="h">sv. 25/1</subfield>
   <subfield code="l">UEP01</subfield>
   <subfield code="m">BOOK</subfield>
   <subfield code="q">KHD</subfield>
   <subfield code="t">na dislokovaném</subfield>
   <subfield code="u">UEP01</subfield>
   <subfield code="w">20110309</subfield>
  </datafield>
  <datafield tag="996" ind1=" " ind2=" ">
   <subfield code="1">PKHD</subfield>
   <subfield code="3">F146624/XXV/2</subfield>
   <subfield code="4">N:P</subfield>
   <subfield code="5">3142378688</subfield>
   <subfield code="7">sv. 25/2</subfield>
   <subfield code="8">20260129</subfield>
   <subfield code="9">911.3HOS</subfield>
   <subfield code="b">sv. 25/2</subfield>
   <subfield code="f">83</subfield>
   <subfield code="h">sv. 25/2</subfield>
   <subfield code="l">UEP01</subfield>
   <subfield code="m">BOOK</subfield>
   <subfield code="q">KHD</subfield>
   <subfield code="s">1x příloha</subfield>
   <subfield code="t">na dislokovaném</subfield>
   <subfield code="u">UEP01</subfield>
   <subfield code="w">20260130</subfield>
  </datafield>
  <datafield tag="996" ind1=" " ind2=" ">
   <subfield code="1">PKHD</subfield>
   <subfield code="3">F146624/XXVI/1</subfield>
   <subfield code="4">N:G</subfield>
   <subfield code="5">3142378689</subfield>
   <subfield code="7">sv. 26/1</subfield>
   <subfield code="8">20260129</subfield>
   <subfield code="9">911.3HOS</subfield>
   <subfield code="b">sv. 26/1</subfield>
   <subfield code="f">83</subfield>
   <subfield code="h">sv. 26/1</subfield>
   <subfield code="l">UEP01</subfield>
   <subfield code="m">BOOK</subfield>
   <subfield code="q">KHD</subfield>
   <subfield code="t">na dislokovaném</subfield>
   <subfield code="u">UEP01</subfield>
   <subfield code="w">20260130</subfield>
  </datafield>
  <datafield tag="996" ind1=" " ind2=" ">
   <subfield code="1">PKHD</subfield>
   <subfield code="3">F146624/XXVII/2</subfield>
   <subfield code="4">N:P</subfield>
   <subfield code="5">3142268177</subfield>
   <subfield code="7">sv. 27/2</subfield>
   <subfield code="8">20140527</subfield>
   <subfield code="9">911.3HOS</subfield>
   <subfield code="b">sv. 27</subfield>
   <subfield code="c">2</subfield>
   <subfield code="f">83</subfield>
   <subfield code="g">36441</subfield>
   <subfield code="h">sv. 27/2</subfield>
   <subfield code="l">UEP01</subfield>
   <subfield code="m">BOOK</subfield>
   <subfield code="q">KHD</subfield>
   <subfield code="t">na dislokovaném</subfield>
   <subfield code="u">UEP01</subfield>
   <subfield code="w">20140602</subfield>
  </datafield>
  <datafield tag="996" ind1=" " ind2=" ">
   <subfield code="1">PKHD</subfield>
   <subfield code="3">F146624/XXVIII/1</subfield>
   <subfield code="4">N:P</subfield>
   <subfield code="5">3142277301</subfield>
   <subfield code="7">sv. 28/1</subfield>
   <subfield code="8">20150216</subfield>
   <subfield code="9">911.3HOS</subfield>
   <subfield code="b">sv. 28</subfield>
   <subfield code="c">1</subfield>
   <subfield code="f">83</subfield>
   <subfield code="g">39825</subfield>
   <subfield code="h">sv. 28/1</subfield>
   <subfield code="l">UEP01</subfield>
   <subfield code="m">BOOK</subfield>
   <subfield code="q">KHD</subfield>
   <subfield code="t">na dislokovaném</subfield>
   <subfield code="u">UEP01</subfield>
   <subfield code="w">20151001</subfield>
  </datafield>
  <datafield tag="996" ind1=" " ind2=" ">
   <subfield code="1">PKHD</subfield>
   <subfield code="3">F146624/XXVIII/2</subfield>
   <subfield code="4">N:P</subfield>
   <subfield code="5">3142284870</subfield>
   <subfield code="7">sv. 28/2</subfield>
   <subfield code="8">20150216</subfield>
   <subfield code="9">911.3HOS</subfield>
   <subfield code="a">2015</subfield>
   <subfield code="b">sv. 28</subfield>
   <subfield code="c">2</subfield>
   <subfield code="f">83</subfield>
   <subfield code="g">39825</subfield>
   <subfield code="h">sv. 28/2</subfield>
   <subfield code="l">UEP01</subfield>
   <subfield code="m">BOOK</subfield>
   <subfield code="q">KHD</subfield>
   <subfield code="t">na dislokovaném</subfield>
   <subfield code="u">UEP01</subfield>
   <subfield code="w">20151209</subfield>
  </datafield>
  <datafield tag="996" ind1=" " ind2=" ">
   <subfield code="1">PKHD</subfield>
   <subfield code="3">F146624/XXX/1</subfield>
   <subfield code="4">N:P</subfield>
   <subfield code="5">3142306685</subfield>
   <subfield code="7">sv. 30/1</subfield>
   <subfield code="8">20170918</subfield>
   <subfield code="9">911.3HOS</subfield>
   <subfield code="a">2017</subfield>
   <subfield code="b">sv. 30</subfield>
   <subfield code="c">1</subfield>
   <subfield code="f">83</subfield>
   <subfield code="g">45331</subfield>
   <subfield code="h">sv. 30/1</subfield>
   <subfield code="l">UEP01</subfield>
   <subfield code="m">BOOK</subfield>
   <subfield code="q">KHD</subfield>
   <subfield code="t">na dislokovaném</subfield>
   <subfield code="u">UEP01</subfield>
   <subfield code="w">20171009</subfield>
  </datafield>
  <datafield tag="996" ind1=" " ind2=" ">
   <subfield code="1">PKHD</subfield>
   <subfield code="3">F146624/XXX/2</subfield>
   <subfield code="4">N:P</subfield>
   <subfield code="5">3142306719</subfield>
   <subfield code="7">sv. 30/2</subfield>
   <subfield code="8">20170918</subfield>
   <subfield code="9">911.3HOS</subfield>
   <subfield code="a">2017</subfield>
   <subfield code="b">sv. 30</subfield>
   <subfield code="c">2</subfield>
   <subfield code="f">83</subfield>
   <subfield code="g">45331</subfield>
   <subfield code="h">sv. 30/2</subfield>
   <subfield code="l">UEP01</subfield>
   <subfield code="m">BOOK</subfield>
   <subfield code="q">KHD</subfield>
   <subfield code="t">na dislokovaném</subfield>
   <subfield code="u">UEP01</subfield>
   <subfield code="w">20180419</subfield>
  </datafield>
  <datafield tag="996" ind1=" " ind2=" ">
   <subfield code="1">PKHD</subfield>
   <subfield code="3">F146624/XXXI/1</subfield>
   <subfield code="4">N:P</subfield>
   <subfield code="5">3142318125</subfield>
   <subfield code="7">sv. 31/1</subfield>
   <subfield code="8">20181122</subfield>
   <subfield code="9">911.3HOS</subfield>
   <subfield code="a">2018</subfield>
   <subfield code="b">sv. 31</subfield>
   <subfield code="c">1</subfield>
   <subfield code="f">83</subfield>
   <subfield code="g">47473</subfield>
   <subfield code="h">sv. 31/1</subfield>
   <subfield code="l">UEP01</subfield>
   <subfield code="m">BOOK</subfield>
   <subfield code="q">KHD</subfield>
   <subfield code="t">na dislokovaném</subfield>
   <subfield code="u">UEP01</subfield>
   <subfield code="w">20181127</subfield>
  </datafield>
  <datafield tag="996" ind1=" " ind2=" ">
   <subfield code="1">PKHD</subfield>
   <subfield code="3">F146624/XXXI/2</subfield>
   <subfield code="4">příloha</subfield>
   <subfield code="5">3142339866</subfield>
   <subfield code="7">sv. 31/2</subfield>
   <subfield code="8">20181122</subfield>
   <subfield code="9">911.3HOS</subfield>
   <subfield code="a">2018</subfield>
   <subfield code="b">sv. 31</subfield>
   <subfield code="c">2</subfield>
   <subfield code="f">83</subfield>
   <subfield code="g">47473</subfield>
   <subfield code="h">sv. 31/2</subfield>
   <subfield code="l">UEP01</subfield>
   <subfield code="m">BOOK</subfield>
   <subfield code="q">KHD</subfield>
   <subfield code="t">na dislokovaném</subfield>
   <subfield code="u">UEP01</subfield>
   <subfield code="w">20201103</subfield>
  </datafield>
  <datafield tag="996" ind1=" " ind2=" ">
   <subfield code="1">PKHD</subfield>
   <subfield code="3">F146624/XXXII/1</subfield>
   <subfield code="4">N:P</subfield>
   <subfield code="5">3142368057</subfield>
   <subfield code="7">sv. 32/1</subfield>
   <subfield code="8">20190531</subfield>
   <subfield code="9">911.3HOS</subfield>
   <subfield code="a">2019</subfield>
   <subfield code="b">sv. 32</subfield>
   <subfield code="c">1</subfield>
   <subfield code="f">83</subfield>
   <subfield code="g">49450</subfield>
   <subfield code="h">sv. 32/1</subfield>
   <subfield code="l">UEP01</subfield>
   <subfield code="m">BOOK</subfield>
   <subfield code="q">KHD</subfield>
   <subfield code="t">na dislokovaném</subfield>
   <subfield code="u">UEP01</subfield>
   <subfield code="w">20240131</subfield>
  </datafield>
  <datafield tag="996" ind1=" " ind2=" ">
   <subfield code="1">PKHD</subfield>
   <subfield code="3">F146624/XXXII/2</subfield>
   <subfield code="4">N:P</subfield>
   <subfield code="5">3142378734</subfield>
   <subfield code="7">sv. 32/2</subfield>
   <subfield code="8">20260220</subfield>
   <subfield code="9">911.3HOS</subfield>
   <subfield code="b">sv. 32</subfield>
   <subfield code="c">2</subfield>
   <subfield code="f">83</subfield>
   <subfield code="h">sv. 32/2</subfield>
   <subfield code="l">UEP01</subfield>
   <subfield code="m">BOOK</subfield>
   <subfield code="q">KHD</subfield>
   <subfield code="t">na dislokovaném</subfield>
   <subfield code="u">UEP01</subfield>
   <subfield code="w">20260220</subfield>
  </datafield>
  <datafield tag="996" ind1=" " ind2=" ">
   <subfield code="1">PKHD</subfield>
   <subfield code="3">F146624/XXXIV/1</subfield>
   <subfield code="4">N:P</subfield>
   <subfield code="5">3142368058</subfield>
   <subfield code="7">sv. 34/1</subfield>
   <subfield code="8">20190531</subfield>
   <subfield code="9">911.3HOS</subfield>
   <subfield code="a">2019</subfield>
   <subfield code="b">sv. 34</subfield>
   <subfield code="c">1</subfield>
   <subfield code="f">83</subfield>
   <subfield code="g">49450</subfield>
   <subfield code="h">sv. 34/1</subfield>
   <subfield code="l">UEP01</subfield>
   <subfield code="m">BOOK</subfield>
   <subfield code="q">KHD</subfield>
   <subfield code="t">na dislokovaném</subfield>
   <subfield code="u">UEP01</subfield>
   <subfield code="w">20240131</subfield>
  </datafield>
  <datafield tag="996" ind1=" " ind2=" ">
   <subfield code="1">PKHD</subfield>
   <subfield code="3">F146624/XXXIX/1</subfield>
   <subfield code="4">naposledy máme 36/1, také chybí 25/2, 26/1,2, 27/1, 33/1, prý mají skluz, do dvou let by vše chtěli srovnat</subfield>
   <subfield code="5">3142378735</subfield>
   <subfield code="7">sv. 39/1</subfield>
   <subfield code="8">20250915</subfield>
   <subfield code="9">911.3HOS</subfield>
   <subfield code="a">2024</subfield>
   <subfield code="b">sv. 39</subfield>
   <subfield code="c">1</subfield>
   <subfield code="f">83</subfield>
   <subfield code="g">59438</subfield>
   <subfield code="h">sv. 39/1</subfield>
   <subfield code="l">UEP01</subfield>
   <subfield code="m">BOOK</subfield>
   <subfield code="q">KHD</subfield>
   <subfield code="t">na dislokovaném</subfield>
   <subfield code="u">UEP01</subfield>
   <subfield code="w">20260220</subfield>
  </datafield>
  <datafield tag="996" ind1=" " ind2=" ">
   <subfield code="1">PKHD</subfield>
   <subfield code="3">F146624/XXXV/1</subfield>
   <subfield code="4">N:P</subfield>
   <subfield code="5">3142368059</subfield>
   <subfield code="7">sv. 35/1</subfield>
   <subfield code="8">20240131</subfield>
   <subfield code="9">911.3HOS</subfield>
   <subfield code="a">2020</subfield>
   <subfield code="b">sv. 35</subfield>
   <subfield code="c">1</subfield>
   <subfield code="f">83</subfield>
   <subfield code="g">51484</subfield>
   <subfield code="h">sv. 35/1</subfield>
   <subfield code="l">UEP01</subfield>
   <subfield code="m">BOOK</subfield>
   <subfield code="q">KHD</subfield>
   <subfield code="t">na dislokovaném</subfield>
   <subfield code="u">UEP01</subfield>
   <subfield code="w">20240131</subfield>
  </datafield>
  <datafield tag="996" ind1=" " ind2=" ">
   <subfield code="1">PKHD</subfield>
   <subfield code="3">F146624/XXXV/2</subfield>
   <subfield code="4">N:P</subfield>
   <subfield code="5">3142368060</subfield>
   <subfield code="7">sv. 35/2</subfield>
   <subfield code="8">20240131</subfield>
   <subfield code="9">911.3HOS</subfield>
   <subfield code="a">2020</subfield>
   <subfield code="b">sv. 35</subfield>
   <subfield code="c">2</subfield>
   <subfield code="f">83</subfield>
   <subfield code="g">51484</subfield>
   <subfield code="h">sv. 35/2</subfield>
   <subfield code="l">UEP01</subfield>
   <subfield code="m">BOOK</subfield>
   <subfield code="q">KHD</subfield>
   <subfield code="t">na dislokovaném</subfield>
   <subfield code="u">UEP01</subfield>
   <subfield code="w">20240131</subfield>
  </datafield>
  <datafield tag="996" ind1=" " ind2=" ">
   <subfield code="1">PKHD</subfield>
   <subfield code="3">F146624/XXXV/3</subfield>
   <subfield code="4">N:P</subfield>
   <subfield code="5">3142368061</subfield>
   <subfield code="7">sv. 35/3</subfield>
   <subfield code="8">20240131</subfield>
   <subfield code="9">911.3HOS</subfield>
   <subfield code="a">2020</subfield>
   <subfield code="b">sv. 35</subfield>
   <subfield code="c">3</subfield>
   <subfield code="f">83</subfield>
   <subfield code="g">51484</subfield>
   <subfield code="h">sv. 35/3</subfield>
   <subfield code="l">UEP01</subfield>
   <subfield code="m">BOOK</subfield>
   <subfield code="q">KHD</subfield>
   <subfield code="t">na dislokovaném</subfield>
   <subfield code="u">UEP01</subfield>
   <subfield code="w">20240131</subfield>
  </datafield>
  <datafield tag="996" ind1=" " ind2=" ">
   <subfield code="1">PKHD</subfield>
   <subfield code="3">F146624/XXXVI/1</subfield>
   <subfield code="4">N:P</subfield>
   <subfield code="5">3142368062</subfield>
   <subfield code="7">sv. 36/1</subfield>
   <subfield code="8">20240131</subfield>
   <subfield code="9">911.3HOS</subfield>
   <subfield code="a">2021</subfield>
   <subfield code="b">sv. 36</subfield>
   <subfield code="c">1</subfield>
   <subfield code="f">83</subfield>
   <subfield code="g">53783</subfield>
   <subfield code="h">sv. 36/1</subfield>
   <subfield code="l">UEP01</subfield>
   <subfield code="m">BOOK</subfield>
   <subfield code="q">KHD</subfield>
   <subfield code="t">na dislokovaném</subfield>
   <subfield code="u">UEP01</subfield>
   <subfield code="w">20240131</subfield>
  </datafield>
  <datafield tag="996" ind1=" " ind2=" ">
   <subfield code="1">PKHD</subfield>
   <subfield code="3">F146624/XXXVIII/1</subfield>
   <subfield code="4">naposledy máme 36/1, také chybí 25/2, 26/1,2, 27/1, 33/1, prý mají skluz, do dvou let by vše chtěli srovnat</subfield>
   <subfield code="5">3142378741</subfield>
   <subfield code="7">sv. 38/1;Vol. 38, no. 1 (2023)</subfield>
   <subfield code="8">20250915</subfield>
   <subfield code="9">911.3HOS</subfield>
   <subfield code="a">2023</subfield>
   <subfield code="b">sv. 38</subfield>
   <subfield code="c">1</subfield>
   <subfield code="f">83</subfield>
   <subfield code="g">57809</subfield>
   <subfield code="h">sv. 38/1</subfield>
   <subfield code="l">UEP01</subfield>
   <subfield code="m">BOOK</subfield>
   <subfield code="q">KHD</subfield>
   <subfield code="t">na dislokovaném</subfield>
   <subfield code="u">UEP01</subfield>
   <subfield code="w">20260225</subfield>
  </datafield>
  <datafield tag="996" ind1=" " ind2=" ">
   <subfield code="1">PKHD</subfield>
   <subfield code="3">F146624/Xa</subfield>
   <subfield code="4">N:P</subfield>
   <subfield code="5">3142251124</subfield>
   <subfield code="7">sv. 10</subfield>
   <subfield code="8">20030807</subfield>
   <subfield code="9">911.3HOS</subfield>
   <subfield code="b">sv. 10</subfield>
   <subfield code="f">83</subfield>
   <subfield code="h">sv. 10</subfield>
   <subfield code="l">UEP01</subfield>
   <subfield code="m">BOOK</subfield>
   <subfield code="q">KHD</subfield>
   <subfield code="t">na dislokovaném</subfield>
   <subfield code="u">UEP01</subfield>
   <subfield code="w">20030918</subfield>
  </datafield>
 </record>
</collection>
